000 01935cam a22004934i 4500
003 PE-LiUPU
005 20250731173542.0
008 150616s1993 oru r 000 0 eng d
035 _a(Sirsi) a9053
040 _aPE-LiUPU
_bspa
_cPE-LiUPU
_erda
049 _aPRUA
082 0 4 _a254.5
_bG21
_221
100 1 _aGalloway, Dale E.,
_eautor.
245 1 0 _a2020 Vision :
_bhow to create a successful church /
_cDale E. Galloway.
250 _aDos mil veinte visión
264 1 _aPortland, Oregon :
_bScott Publishing Company,
_c1993.
300 _a160 páginas ;
_c23 centímetros
336 _atext
_2rdacontent
337 _aunmediated
_2rdamedia
338 _avolume
_2rdacarrier
505 0 _aPower for church growth -- Principles for church growth -- Plan for church growth.
526 _aSEG42
526 _aSEG41
526 _aSEG40
526 _aSEG39
526 _aP94
526 _aP87
526 _aP86
526 _aP85
526 _aP77
526 _aP76
526 _aP35
650 0 4 _aCrecimiento de la Iglesia.
910 _ajck
_bjvq
_cjck
942 _2ddc
_cBOOK
949 _a254.5 G21
_wDEWEY
_c1
_i41790
_lCCODEBUL1
_mBUL
_p30.00
_r0
_sY
_tBOOK
_u2015-04-23
_xBIBLIOTECA
_zUNKNOWN
_0COMPRA
_o.STAFF. Colección Teología
949 _a254.5 G21
_wDEWEY
_c2
_i36333
_lCCODEBUL1
_mBUL
_p30.00
_r0
_sY
_tBOOK
_u19940908
_xTEOLOGIA
_zUNKNOWN
_0COMPRA
_o.STAFF. Colección Teología
994 _aC0
_bPEPRU
596 _a1
999 _a254.5 G21
_wDEWEY
_c60465
_i41790
_d60465
_e2015-9-16
_f2021-11-10
_g5
_lCCODEBUL1
_mBUL
_n1
_p30.00
_r0
_sY
_tBOOK
_u2015-4-23
_xTEOLOGIA
_PP35
_0COMPRA
_o.STAFF. Colección Teología
999 _a254.5 G21
_wDEWEY
_c2
_i36333
_f2021-11-10
_g5
_lCCODEBUL1
_mBUL
_p10.00
_r0
_sY
_tBOOK
_u2015-6-16
_xTEOLOGIA
_PP35
_0COMPRA
_o.STAFF. Colección Teología
980 _81
_gALBERTO SANCHEZ Responsable de Automatización